[Event "Team Championship (men blitz)"]
[Site "Sochi"]
[Date "2017.10.05"]
[Round "10.31"]
[White "Lugovskoy, Maxim"]
[Black "Basiev, Valeriy P."]
[Result "1-0"]
[LiveChessVersion "1.4.8"]
[BlackElo "2109"]
[WhiteElo "2512"]

1. e4 {[%clk 0:03:03]} c5 {[%clk 0:03:02]} 2. Nf3 {[%clk 0:03:04]} e6
{[%clk 0:03:02]} 3. c3 {[%clk 0:03:05]} d5 {[%clk 0:03:00]} 4. exd5
{[%clk 0:03:05]} exd5 {[%clk 0:02:59]} 5. d4 {[%clk 0:03:06]} Nc6
{[%clk 0:02:57]} 6. Bb5 {[%clk 0:03:07]} Bd6 {[%clk 0:02:53]} 7. O-O
{[%clk 0:03:07]} Nge7 {[%clk 0:02:54]} 8. dxc5 {[%clk 0:03:07]} Bxc5
{[%clk 0:02:54]} 9. Nbd2 {[%clk 0:03:08]} O-O {[%clk 0:02:54]} 10. Nb3
{[%clk 0:03:10]} Bd6 {[%clk 0:02:39]} 11. Be3 {[%clk 0:03:09]} Bg4
{[%clk 0:02:37]} 12. Be2 {[%clk 0:03:01]} Qc7 {[%clk 0:02:25]} 13. h3
{[%clk 0:03:01]} Bh5 {[%clk 0:02:22]} 14. Bc5 {[%clk 0:03:01]} Bf4
{[%clk 0:02:14]} 15. Nfd4 {[%clk 0:03:02]} Bxe2 {[%clk 0:01:53]} 16. Qxe2
{[%clk 0:02:57]} Rfe8 {[%clk 0:01:53]} 17. Bxe7 {[%clk 0:02:49]} Rxe7
{[%clk 0:01:46]} 18. Qf3 {[%clk 0:02:50]} Rd8 {[%clk 0:01:35]} 19. Nf5
{[%clk 0:02:47]} Re6 {[%clk 0:01:26]} 20. Rae1 {[%clk 0:02:39]} Rxe1
{[%clk 0:01:08]} 21. Rxe1 {[%clk 0:02:40]} h6 {[%clk 0:01:04]} 22. Qg4
{[%clk 0:02:25]} g6 {[%clk 0:00:37]} 23. g3 {[%clk 0:02:11]} Bg5 {[%clk 0:00:18]}
24. Nfd4 {[%clk 0:02:12]} Ne5 {[%clk 0:00:14]} 25. Qe2 {[%clk 0:02:07]} Nc4
{[%clk 0:00:11]} 26. h4 {[%clk 0:02:05]} Bf6 {[%clk 0:00:12]} 27. h5
{[%clk 0:02:07]} Nd6 {[%clk 0:00:09]} 28. hxg6 {[%clk 0:02:06]} Ne4 29. Qg4
{[%clk 0:02:02]} fxg6 {[%clk 0:00:00]} 1-0

[Event "Team Championship (men blitz)"]
[Site "Sochi"]
[Date "2017.10.05"]
[Round "10.32"]
[White "Varnazov, Lev"]
[Black "Krylov, Mikhail"]
[Result "0-1"]
[LiveChessVersion "1.4.8"]
[BlackElo "2494"]
[WhiteElo "2083"]

1. e4 {[%clk 0:03:03]} d5 {[%clk 0:03:03]} 2. exd5 {[%clk 0:03:04]} Nf6
{[%clk 0:03:05]} 3. Nf3 {[%clk 0:03:03]} Nxd5 {[%clk 0:03:05]} 4. d4
{[%clk 0:03:04]} g6 {[%clk 0:03:06]} 5. Be2 {[%clk 0:03:05]} Bg7 {[%clk 0:03:08]}
6. O-O {[%clk 0:03:05]} O-O {[%clk 0:03:08]} 7. h3 {[%clk 0:03:04]} c5
{[%clk 0:03:06]} 8. dxc5 {[%clk 0:02:41]} Na6 {[%clk 0:03:07]} 9. c3
{[%clk 0:02:42]} Nxc5 {[%clk 0:03:04]} 10. Nbd2 {[%clk 0:02:44]} b6
{[%clk 0:02:49]} 11. Nb3 {[%clk 0:02:44]} Ne4 {[%clk 0:02:42]} 12. Nfd2
{[%clk 0:02:33]} Nef6 {[%clk 0:02:21]} 13. Bf3 {[%clk 0:02:34]} Rb8
{[%clk 0:02:20]} 14. Ne4 {[%clk 0:02:28]} Nxe4 {[%clk 0:02:14]} 15. Bxe4
{[%clk 0:02:29]} Bb7 {[%clk 0:02:12]} 16. Qe2 {[%clk 0:02:22]} Bxc3
{[%clk 0:02:01]} 17. Bh6 {[%clk 0:01:55]} Bg7 {[%clk 0:01:58]} 18. Bxg7
{[%clk 0:01:55]} Kxg7 {[%clk 0:01:59]} 19. Rfd1 {[%clk 0:01:43]} e6
{[%clk 0:02:00]} 20. Nd4 {[%clk 0:01:31]} Qf6 {[%clk 0:01:56]} 21. Rac1
{[%clk 0:01:21]} Rbc8 {[%clk 0:01:47]} 22. Nb5 {[%clk 0:01:06]} Rxc1
{[%clk 0:01:40]} 23. Rxc1 {[%clk 0:01:08]} Nf4 {[%clk 0:01:39]} 24. Qf3
{[%clk 0:00:56]} Bxe4 {[%clk 0:01:36]} 25. Qxe4 {[%clk 0:00:56]} Nxh3+
{[%clk 0:01:32]} 26. gxh3 {[%clk 0:00:54]} Qg5+ {[%clk 0:01:33]} 27. Kh2
{[%clk 0:00:46]} Qxc1 {[%clk 0:01:32]} 28. Qe5+ {[%clk 0:00:34]} Kg8
{[%clk 0:01:33]} 29. Nd4 {[%clk 0:00:30]} Qxb2 {[%clk 0:01:32]} 30. Qf6
{[%clk 0:00:28]} h5 {[%clk 0:01:25]} 31. Kg3 {[%clk 0:00:19]} b5 {[%clk 0:01:25]}
32. f4 {[%clk 0:00:13]} b4 {[%clk 0:01:24]} 33. Kh4 {[%clk 0:00:15]} Kh7
{[%clk 0:01:17]} 34. Kg5 {[%clk 0:00:09]} Qg2+ {[%clk 0:01:15]} 35. Kh4
{[%clk 0:00:10]} Qf2+ {[%clk 0:01:17]} 36. Kg5 {[%clk 0:00:11]} Qg3#
{[%clk 0:01:18]} 0-1

[Event "Team Championship (men blitz)"]
[Site "Sochi"]
[Date "2017.10.05"]
[Round "11.2"]
[White "Antonenko, Vladimir"]
[Black "Andreikin, Dmitry"]
[Result "0-1"]
[LiveChessVersion "1.4.8"]
[BlackElo "2787"]
[WhiteElo "2423"]

1. d4 d5 2. c4 {[%clk 0:03:04]} c6 {[%clk 0:03:05]} 3. Nf3 {[%clk 0:03:04]} Nf6
{[%clk 0:03:07]} 4. Nc3 {[%clk 0:03:05]} a6 {[%clk 0:03:08]} 5. cxd5
{[%clk 0:02:46]} cxd5 {[%clk 0:03:09]} 6. Bf4 {[%clk 0:02:46]} Nc6
{[%clk 0:03:09]} 7. e3 {[%clk 0:02:34]} Bg4 {[%clk 0:03:10]} 8. Be2
{[%clk 0:02:34]} e6 {[%clk 0:03:11]} 9. Ne5 {[%clk 0:02:34]} Bxe2
{[%clk 0:03:10]} 10. Qxe2 {[%clk 0:02:33]} Rc8 {[%clk 0:03:02]} 11. O-O
{[%clk 0:02:23]} Nxe5 {[%clk 0:02:49]} 12. Bxe5 {[%clk 0:02:21]} Nd7
{[%clk 0:02:50]} 13. Bg3 {[%clk 0:02:11]} Be7 {[%clk 0:02:48]} 14. Rac1
{[%clk 0:02:05]} O-O {[%clk 0:02:48]} 15. Rc2 {[%clk 0:01:59]} Qa5
{[%clk 0:02:38]} 16. Rfc1 {[%clk 0:01:54]} Rc6 {[%clk 0:02:39]} 17. f3
{[%clk 0:01:37]} Rfc8 {[%clk 0:02:39]} 18. Be1 {[%clk 0:01:37]} Qc7
{[%clk 0:02:37]} 19. Bg3 {[%clk 0:01:35]} Qa5 {[%clk 0:02:13]} 20. Be1
{[%clk 0:01:35]} Bd6 {[%clk 0:01:58]} 21. Bg3 {[%clk 0:01:14]} Bb4
{[%clk 0:01:43]} 22. Be1 {[%clk 0:01:15]} Nb6 {[%clk 0:01:32]} 23. Bf2
{[%clk 0:00:22]} Bxc3 {[%clk 0:01:25]} 24. Rxc3 {[%clk 0:00:08]} Rxc3
{[%clk 0:01:25]} 25. bxc3 {[%clk 0:00:05]} Rxc3 {[%clk 0:01:24]} 26. Rb1
{[%clk 0:00:06]} Rc6 {[%clk 0:01:15]} 27. Be1 {[%clk 0:00:04]} Qa4
{[%clk 0:01:13]} 28. Rb3 {[%clk 0:00:05]} h6 {[%clk 0:01:11]} 29. h4
{[%clk 0:00:06]} Qc4 {[%clk 0:00:53]} 30. Qb2 {[%clk 0:00:05]} Na4
{[%clk 0:00:49]} 31. Qa3 {[%clk 0:00:06]} b5 {[%clk 0:00:50]} 32. Qe7
{[%clk 0:00:06]} Qc1 {[%clk 0:00:41]} 33. Kh2 {[%clk 0:00:06]} Rc2
{[%clk 0:00:30]} 34. Bb4 {[%clk 0:00:03]} Qf1 {[%clk 0:00:26]} 35. Qe8+
{[%clk 0:00:03]} Kh7 {[%clk 0:00:27]} 0-1

[Event "Team Championship (men blitz)"]
[Site "Sochi"]
[Date "2017.10.05"]
[Round "11.3"]
[White "Riazantsev, Alexander"]
[Black "Gubsky, Egor"]
[Result "1-0"]
[LiveChessVersion "1.4.8"]
[BlackElo "2369"]
[WhiteElo "2670"]

1. d4 {[%clk 0:03:04]} Nf6 {[%clk 0:03:03]} 2. c4 {[%clk 0:03:05]} e6
{[%clk 0:03:04]} 3. Nf3 {[%clk 0:03:06]} a6 {[%clk 0:03:06]} 4. Nc3
{[%clk 0:03:05]} c5 {[%clk 0:03:07]} 5. e3 {[%clk 0:03:05]} Be7 {[%clk 0:03:07]}
6. Bd3 {[%clk 0:03:02]} O-O {[%clk 0:03:07]} 7. O-O {[%clk 0:03:03]} d6
{[%clk 0:03:08]} 8. b3 {[%clk 0:03:00]} Nbd7 {[%clk 0:03:07]} 9. Bb2
{[%clk 0:03:01]} b6 {[%clk 0:03:07]} 10. Qe2 {[%clk 0:02:52]} Re8
{[%clk 0:03:06]} 11. Rfd1 {[%clk 0:02:53]} Qc7 {[%clk 0:03:07]} 12. Rac1
{[%clk 0:02:46]} Bb7 {[%clk 0:03:08]} 13. h3 {[%clk 0:02:47]} Rac8
{[%clk 0:03:09]} 14. Bb1 {[%clk 0:02:45]} Qb8 {[%clk 0:03:08]} 15. a4
{[%clk 0:02:43]} Qa8 {[%clk 0:03:05]} 16. d5 {[%clk 0:02:08]} exd5
{[%clk 0:03:05]} 17. cxd5 {[%clk 0:02:08]} Bf8 {[%clk 0:02:36]} 18. Qd3
{[%clk 0:01:41]} Ne5 {[%clk 0:02:32]} 19. Nxe5 {[%clk 0:01:41]} Rxe5
{[%clk 0:02:33]} 20. e4 {[%clk 0:01:38]} Rce8 {[%clk 0:02:16]} 21. f3
{[%clk 0:01:39]} R5e7 {[%clk 0:02:08]} 22. Qd2 {[%clk 0:01:17]} g6
{[%clk 0:02:07]} 23. Nb5 {[%clk 0:01:12]} Nxe4 {[%clk 0:01:42]} 24. fxe4
{[%clk 0:01:14]} axb5 {[%clk 0:01:43]} 25. axb5 {[%clk 0:01:15]} Bg7
{[%clk 0:01:41]} 26. Bd3 {[%clk 0:01:12]} Bxb2 {[%clk 0:01:16]} 27. Qxb2
{[%clk 0:01:13]} Re5 {[%clk 0:01:16]} 28. Ra1 {[%clk 0:01:11]} Qd8
{[%clk 0:01:17]} 29. Qf2 {[%clk 0:01:10]} Qg5 {[%clk 0:01:13]} 30. Ra7
{[%clk 0:01:09]} R5e7 {[%clk 0:01:13]} 31. Rf1 {[%clk 0:01:08]} Ra8
{[%clk 0:01:12]} 32. Ra4 {[%clk 0:00:58]} Qe5 {[%clk 0:01:05]} 33. Qf6
{[%clk 0:00:51]} Qxf6 {[%clk 0:00:45]} 34. Rxf6 {[%clk 0:00:52]} Rd8
{[%clk 0:00:38]} 35. Ra7 {[%clk 0:00:46]} Kg7 {[%clk 0:00:38]} 36. Rf2
{[%clk 0:00:47]} Ra8 {[%clk 0:00:37]} 37. Ra4 {[%clk 0:00:46]} Ree8
{[%clk 0:00:31]} 38. Rfa2 {[%clk 0:00:43]} Rxa4 {[%clk 0:00:28]} 39. bxa4
{[%clk 0:00:44]} Ra8 {[%clk 0:00:29]} 40. Bc4 {[%clk 0:00:38]} Bc8
{[%clk 0:00:25]} 41. Kf2 {[%clk 0:00:37]} Kf6 {[%clk 0:00:26]} 42. Ke3
{[%clk 0:00:38]} Ke5 {[%clk 0:00:27]} 43. Bb3 {[%clk 0:00:33]} Bd7
{[%clk 0:00:22]} 44. Rf2 {[%clk 0:00:32]} Bxb5 {[%clk 0:00:20]} 45. Rxf7
{[%clk 0:00:28]} Bxa4 {[%clk 0:00:20]} 46. Re7+ {[%clk 0:00:29]} Kf6
{[%clk 0:00:21]} 47. Re6+ {[%clk 0:00:30]} Kf7 {[%clk 0:00:22]} 48. Bxa4
{[%clk 0:00:31]} Rxa4 {[%clk 0:00:23]} 49. Rxd6 {[%clk 0:00:32]} Rb4
{[%clk 0:00:21]} 50. e5 {[%clk 0:00:33]} Rb3+ {[%clk 0:00:18]} 51. Ke4
{[%clk 0:00:33]} Rb4+ {[%clk 0:00:18]} 52. Ke3 {[%clk 0:00:34]} Rb3+
{[%clk 0:00:20]} 53. Kf4 {[%clk 0:00:33]} c4 {[%clk 0:00:18]} 54. Rc6
{[%clk 0:00:30]} c3 {[%clk 0:00:17]} 55. Rc7+ {[%clk 0:00:30]} Ke8
{[%clk 0:00:18]} 56. e6 {[%clk 0:00:31]} b5 {[%clk 0:00:14]} 57. Ke5
{[%clk 0:00:30]} Kd8 {[%clk 0:00:09]} 58. d6 {[%clk 0:00:31]} 1-0

[Event "Team Championship (men blitz)"]
[Site "Sochi"]
[Date "2017.10.05"]
[Round "11.4"]
[White "Bublei, Pavel"]
[Black "Shirov, Alexei"]
[Result "0-1"]
[LiveChessVersion "1.4.8"]
[BlackElo "2670"]
[WhiteElo "2243"]

1. d4 {[%clk 0:03:02]} d5 {[%clk 0:03:03]} 2. c4 {[%clk 0:03:02]} c6
{[%clk 0:03:05]} 3. Nc3 {[%clk 0:03:02]} Nf6 {[%clk 0:03:06]} 4. e3
{[%clk 0:03:02]} e6 {[%clk 0:03:07]} 5. Nf3 {[%clk 0:03:02]} Nbd7
{[%clk 0:03:07]} 6. Qc2 {[%clk 0:03:02]} Bd6 {[%clk 0:03:08]} 7. Bd3
{[%clk 0:03:02]} O-O {[%clk 0:03:07]} 8. O-O {[%clk 0:03:01]} dxc4
{[%clk 0:03:07]} 9. Bxc4 {[%clk 0:03:01]} b5 {[%clk 0:03:08]} 10. Be2
{[%clk 0:02:51]} Bb7 {[%clk 0:03:09]} 11. Rd1 {[%clk 0:02:41]} Qc7
{[%clk 0:02:59]} 12. a3 {[%clk 0:02:28]} e5 {[%clk 0:02:54]} 13. h3
{[%clk 0:02:22]} Rfe8 {[%clk 0:02:49]} 14. e4 {[%clk 0:02:00]} a6
{[%clk 0:02:40]} 15. dxe5 {[%clk 0:01:44]} Nxe5 {[%clk 0:02:39]} 16. Nd4
{[%clk 0:01:45]} Rad8 {[%clk 0:02:23]} 17. Nf5 {[%clk 0:01:33]} c5
{[%clk 0:01:28]} 18. Bg5 {[%clk 0:01:25]} Be7 {[%clk 0:01:12]} 19. Nxe7+
{[%clk 0:01:06]} Qxe7 {[%clk 0:01:07]} 20. f4 {[%clk 0:00:52]} Ng6
{[%clk 0:00:50]} 21. e5 {[%clk 0:00:46]} h6 {[%clk 0:00:51]} 22. Bxf6
{[%clk 0:00:21]} gxf6 {[%clk 0:00:51]} 23. Rxd8 {[%clk 0:00:08]} Rxd8
{[%clk 0:00:52]} 24. exf6 {[%clk 0:00:08]} Qe3+ {[%clk 0:00:52]} 25. Kh2
{[%clk 0:00:07]} Qxf4+ {[%clk 0:00:49]} 26. Kg1 {[%clk 0:00:08]} Rd2
{[%clk 0:00:40]} 27. Qc1 {[%clk 0:00:04]} Qe3+ {[%clk 0:00:32]} 28. Kh2
{[%clk 0:00:04]} Bxg2 {[%clk 0:00:23]} 29. Qg1 {[%clk 0:00:04]} Qxh3# 0-1

[Event "Team Championship (men blitz)"]
[Site "Sochi"]
[Date "2017.10.05"]
[Round "11.5"]
[White "Grachev, Boris"]
[Black "Alekseenko, Kirill"]
[Result "1/2-1/2"]
[LiveChessVersion "1.4.8"]
[BlackElo "2586"]
[WhiteElo "2625"]

1. d4 {[%clk 0:03:03]} d5 {[%clk 0:03:04]} 2. Bf4 {[%clk 0:03:04]} Nf6
{[%clk 0:03:04]} 3. e3 {[%clk 0:03:05]} e6 {[%clk 0:03:06]} 4. Nd2
{[%clk 0:03:04]} c5 {[%clk 0:03:07]} 5. c3 {[%clk 0:03:04]} Nc6 {[%clk 0:03:08]}
6. Ngf3 {[%clk 0:03:04]} Bd6 {[%clk 0:03:09]} 7. Bg3 {[%clk 0:03:04]} O-O
{[%clk 0:03:10]} 8. Bd3 {[%clk 0:03:01]} b6 {[%clk 0:03:10]} 9. e4
{[%clk 0:02:59]} Be7 {[%clk 0:02:53]} 10. e5 {[%clk 0:03:00]} Nh5
{[%clk 0:02:54]} 11. a3 {[%clk 0:03:01]} h6 {[%clk 0:02:31]} 12. Qe2
{[%clk 0:02:48]} a5 {[%clk 0:02:16]} 13. O-O {[%clk 0:02:11]} Bb7
{[%clk 0:02:08]} 14. Rfc1 {[%clk 0:01:56]} Qc8 {[%clk 0:02:00]} 15. h3
{[%clk 0:01:29]} Nxg3 16. fxg3 {[%clk 0:01:30]} Ba6 {[%clk 0:01:54]} 17. g4
{[%clk 0:01:29]} Bxd3 18. Qxd3 {[%clk 0:01:30]} a4 {[%clk 0:01:40]} 19. Qe3
{[%clk 0:01:28]} Na5 {[%clk 0:01:35]} 20. g5 {[%clk 0:01:16]} hxg5
{[%clk 0:01:24]} 21. Nxg5 {[%clk 0:01:17]} Bxg5 {[%clk 0:01:25]} 22. Qxg5
{[%clk 0:01:17]} Qd8 {[%clk 0:01:22]} 23. Qh5 {[%clk 0:01:13]} f5
{[%clk 0:01:00]} 24. exf6 {[%clk 0:00:56]} Qxf6 {[%clk 0:01:01]} 25. Rf1
{[%clk 0:00:56]} Qh6 {[%clk 0:00:55]} 26. Qe2 {[%clk 0:00:51]} Rxf1+
{[%clk 0:00:45]} 27. Rxf1 {[%clk 0:00:51]} Rf8 {[%clk 0:00:46]} 28. Nf3
{[%clk 0:00:34]} Nc4 {[%clk 0:00:48]} 29. Re1 {[%clk 0:00:34]} Rf6
{[%clk 0:00:49]} 30. Ne5 {[%clk 0:00:28]} 1/2-1/2

[Event "Team Championship (men blitz)"]
[Site "Sochi"]
[Date "2017.10.05"]
[Round "11.6"]
[White "Alekseev, Evgeny"]
[Black "Potkin, Vladimir"]
[Result "1-0"]
[LiveChessVersion "1.4.8"]
[BlackElo "2497"]
[WhiteElo "2636"]

1. Nf3 {[%clk 0:03:03]} d5 {[%clk 0:03:02]} 2. e3 {[%clk 0:03:04]} Nf6
{[%clk 0:03:02]} 3. c4 {[%clk 0:03:05]} e6 {[%clk 0:03:01]} 4. b3
{[%clk 0:03:05]} Bd6 {[%clk 0:02:57]} 5. Bb2 {[%clk 0:03:06]} O-O
{[%clk 0:02:57]} 6. Be2 {[%clk 0:03:05]} b6 {[%clk 0:02:55]} 7. O-O
{[%clk 0:03:03]} Bb7 {[%clk 0:02:55]} 8. Nc3 {[%clk 0:03:03]} Nbd7
{[%clk 0:02:55]} 9. Rc1 {[%clk 0:02:58]} a6 {[%clk 0:02:56]} 10. d4
{[%clk 0:02:54]} Qe7 {[%clk 0:02:55]} 11. cxd5 {[%clk 0:02:31]} exd5
{[%clk 0:02:55]} 12. Bd3 {[%clk 0:02:30]} Ne4 {[%clk 0:02:52]} 13. Ne2
{[%clk 0:02:32]} Rfe8 {[%clk 0:02:35]} 14. Ng3 {[%clk 0:02:19]} g6
{[%clk 0:02:34]} 15. Rc2 {[%clk 0:02:18]} h5 {[%clk 0:02:32]} 16. Re1
{[%clk 0:02:03]} h4 {[%clk 0:02:30]} 17. Nf1 {[%clk 0:02:04]} h3 {[%clk 0:02:19]}
18. gxh3 {[%clk 0:01:37]} Ng5 {[%clk 0:01:49]} 19. Nxg5 {[%clk 0:01:30]} Qxg5+
{[%clk 0:01:50]} 20. Qg4 {[%clk 0:01:24]} Qe7 {[%clk 0:01:50]} 21. Ng3
{[%clk 0:01:21]} Nf6 {[%clk 0:01:49]} 22. Qg5 {[%clk 0:01:13]} Ne4
{[%clk 0:01:39]} 23. Qxe7 {[%clk 0:01:04]} Rxe7 {[%clk 0:01:40]} 24. Nxe4
{[%clk 0:00:43]} dxe4 {[%clk 0:01:41]} 25. Bf1 {[%clk 0:00:44]} f5
{[%clk 0:01:33]} 26. a4 {[%clk 0:00:41]} Kg7 {[%clk 0:01:25]} 27. Ra1 Rh8
{[%clk 0:01:17]} 28. d5+ {[%clk 0:00:33]} Kh7 {[%clk 0:01:02]} 29. Bxh8
{[%clk 0:00:34]} Kxh8 {[%clk 0:01:03]} 30. Rd1 {[%clk 0:00:33]} Kg7
{[%clk 0:01:03]} 31. Be2 {[%clk 0:00:28]} Kf6 {[%clk 0:01:04]} 32. h4
{[%clk 0:00:27]} Rh7 {[%clk 0:01:04]} 33. h5 {[%clk 0:00:27]} gxh5
{[%clk 0:01:00]} 34. Kh1 {[%clk 0:00:28]} h4 {[%clk 0:00:42]} 35. Bc4
{[%clk 0:00:29]} f4 {[%clk 0:00:39]} 36. Rg1 {[%clk 0:00:28]} Bc8
{[%clk 0:00:31]} 37. Rg8 {[%clk 0:00:28]} Bf5 {[%clk 0:00:28]} 38. Bxa6
{[%clk 0:00:27]} h3 {[%clk 0:00:13]} 39. Rc1 {[%clk 0:00:17]} f3 {[%clk 0:00:08]}
40. Rcg1 {[%clk 0:00:16]} Rh5 {[%clk 0:00:05]} 41. Bc8 {[%clk 0:00:15]} Bxc8
{[%clk 0:00:05]} 42. Rxc8 {[%clk 0:00:16]} Ke5 {[%clk 0:00:06]} 43. Rcg8
{[%clk 0:00:14]} Be7 {[%clk 0:00:04]} 44. R8g7 {[%clk 0:00:14]} Bf6
{[%clk 0:00:04]} 45. Rxc7 {[%clk 0:00:15]} Kxd5 {[%clk 0:00:05]} 46. Rd1+
{[%clk 0:00:15]} Ke5 {[%clk 0:00:06]} 47. Rcd7 {[%clk 0:00:15]} Ke6
{[%clk 0:00:07]} 48. R7d6+ {[%clk 0:00:16]} Kf7 {[%clk 0:00:08]} 49. R6d5
{[%clk 0:00:15]} Rh8 {[%clk 0:00:09]} 50. Rc1 {[%clk 0:00:14]} Rg8
{[%clk 0:00:10]} 51. Rh5 {[%clk 0:00:14]} Rg2 {[%clk 0:00:10]} 52. Rf1
{[%clk 0:00:15]} Ke6 {[%clk 0:00:06]} 53. Rxh3 {[%clk 0:00:16]} Be5
{[%clk 0:00:08]} 54. Rh6+ {[%clk 0:00:16]} Kd5 {[%clk 0:00:09]} 55. b4
{[%clk 0:00:16]} Kc4 {[%clk 0:00:06]} 56. a5 {[%clk 0:00:17]} bxa5
{[%clk 0:00:05]} 57. bxa5 {[%clk 0:00:18]} Kb5 {[%clk 0:00:05]} 58. Rh5
{[%clk 0:00:16]} 1-0

[Event "Team Championship (men blitz)"]
[Site "Sochi"]
[Date "2017.10.05"]
[Round "11.7"]
[White "Popov, Ivan"]
[Black "Levin, Evgeny A."]
[Result "1/2-1/2"]
[LiveChessVersion "1.4.8"]
[BlackElo "2546"]
[WhiteElo "2607"]

1. e4 {[%clk 0:03:03]} d5 {[%clk 0:03:04]} 2. exd5 {[%clk 0:03:04]} Qxd5
{[%clk 0:03:05]} 3. Nc3 {[%clk 0:03:05]} Qd8 {[%clk 0:03:06]} 4. d4
{[%clk 0:03:06]} c6 {[%clk 0:03:08]} 5. Nf3 {[%clk 0:03:06]} Bf5 {[%clk 0:03:09]}
6. Be2 {[%clk 0:02:45]} e6 {[%clk 0:03:09]} 7. O-O {[%clk 0:02:45]} Nd7
{[%clk 0:03:10]} 8. Re1 {[%clk 0:02:40]} Be7 {[%clk 0:03:10]} 9. Bf1
{[%clk 0:02:33]} Ngf6 {[%clk 0:03:09]} 10. h3 {[%clk 0:02:30]} h6
{[%clk 0:03:02]} 11. Bd3 {[%clk 0:02:19]} Bxd3 {[%clk 0:03:00]} 12. Qxd3
{[%clk 0:02:20]} O-O {[%clk 0:02:59]} 13. Bf4 {[%clk 0:02:14]} Re8
{[%clk 0:02:45]} 14. Rad1 {[%clk 0:02:11]} Qa5 {[%clk 0:02:46]} 15. a3
{[%clk 0:02:08]} Rad8 {[%clk 0:02:40]} 16. b4 {[%clk 0:01:51]} Qh5
{[%clk 0:02:16]} 17. Ne5 {[%clk 0:01:45]} Nd5 {[%clk 0:01:22]} 18. Nxd5
{[%clk 0:01:36]} cxd5 {[%clk 0:01:23]} 19. g4 {[%clk 0:01:26]} Qh4
{[%clk 0:01:10]} 20. Kg2 {[%clk 0:01:23]} Nxe5 {[%clk 0:00:58]} 21. dxe5
{[%clk 0:01:20]} Bf8 {[%clk 0:00:56]} 22. c4 {[%clk 0:00:42]} dxc4
{[%clk 0:00:52]} 23. Qxc4 {[%clk 0:00:43]} Qe7 {[%clk 0:00:44]} 24. Be3
{[%clk 0:00:42]} a6 {[%clk 0:00:40]} 25. Bb6 {[%clk 0:00:36]} Rc8
{[%clk 0:00:37]} 26. Qe4 {[%clk 0:00:32]} Rc6 {[%clk 0:00:37]} 1/2-1/2